Squares of Multiples of 5 up to 100 - Statistics

General Stats
  • This quiz has been taken 9 times
  • The average score is 12 of 20
Answer Stats
Hint Answer % Correct
10 100
100%
5 25
100%
15 225
89%
20 400
89%
30 900
89%
100 10000
78%
40 1600
78%
50 2500
78%
60 3600
78%
70 4900
78%
80 6400
78%
90 8100
78%
25 625
67%
35 1225
22%
45 2025
22%
55 3025
11%
65 4225
11%
75 5625
11%
85 7225
11%
95 9025
11%
No matching quizzes found
Score Distribution
Percent of People with Each Score
Percentile by Number Answered
Your Score History
You have not taken this quiz